Textbook of Engineering Physics (Record no. 130143)

MARC details
000 -LEADER
fixed length control field 00356nam a2200145Ia 4500
008 - FIXED-LENGTH DATA ELEMENTS--GENERAL INFORMATION
fixed length control field 230917s9999||||xx |||||||||||||| ||und||
040 ## - CATALOGING SOURCE
-- 109768
Original cataloging agency VIVEKANANDA LIBRARY
041 ## - Language
-- English
082 ## - DDC NUMBER
Classification number 621 S64T
100 ## - MAIN ENTRY--PERSONAL NAME
Personal name Singhal, Anil
245 #0 - TITLE STATEMENT
Title Textbook of Engineering Physics
260 ## - PUBLICATION, DISTRIBUTION, ETC. (IMPRINT)
Place of publication, distribution, etc Rohtak
Name of publisher, distributor, etc Icon Publications
Date of publication, distribution, etc 2004
300 ## - PHYSICAL DESCRIPTION
Pages 176 p.
942 ## - ADDED ENTRY ELEMENTS (KOHA)
Koha item type Books
Holdings
Withdrawn status Lost status Damaged status Not for loan Location (home branch) Sublocation or collection (holding branch) Date acquired Koha issues (times borrowed) Koha full call number Accession No. Koha date last seen Koha item type Shelving location
        VIVEKANANDA LIBRARY VIVEKANANDA LIBRARY 08/05/2006   621 S64T 228027 17/09/2023 Books  
        VIVEKANANDA LIBRARY VIVEKANANDA LIBRARY 08/05/2006   621 S64T 228028 17/09/2023 Books  
        VIVEKANANDA LIBRARY VIVEKANANDA LIBRARY 08/05/2006   621 S64T 228029 17/09/2023 Books UIET Library
        VIVEKANANDA LIBRARY VIVEKANANDA LIBRARY 08/05/2006   621 S64T 228030 17/09/2023 Books UIET Library
        VIVEKANANDA LIBRARY VIVEKANANDA LIBRARY 08/05/2006 1 621 S64T 228031 26/12/2025 Books  
        VIVEKANANDA LIBRARY VIVEKANANDA LIBRARY 08/05/2006   621 S64T 228032 17/09/2023 Books UIET Library
        VIVEKANANDA LIBRARY VIVEKANANDA LIBRARY 08/05/2006   621 S64T 228033 17/09/2023 Books UIET Library
© Designed and Maintained by Vivekananda Library, MDU Rohtak